Kultúrne rozdiely vo vnímaní a komunikácii

Charakteristika pojmu kultúra. Rešpektovanie kultúrnych rozdielov. Interkultúrna komunikácia. Teórie kultúrnych rozdielov. Dôležitosť poznania a prijatia rozdielov medzi kultúrami.

Gespeichert in:
Bibliographische Detailangaben
1. Verfasser: Retová, Janette
Format: Buchkapitel
Sprache:Slowakisch
Schlagworte:
Tags: Tag hinzufügen
Keine Tags, Fügen Sie das erste Tag hinzu!

MARC

LEADER 00000nla$a2200000$$$4500
001 0141756
005 20240502072536.7
041 0 |a slo 
044 |a SK 
245 1 0 |a Kultúrne rozdiely vo vnímaní a komunikácii  |c Janette Retová 
520 |a Charakteristika pojmu kultúra. Rešpektovanie kultúrnych rozdielov. Interkultúrna komunikácia. Teórie kultúrnych rozdielov. Dôležitosť poznania a prijatia rozdielov medzi kultúrami. 
610 2 0 |a kultúra 
610 2 0 |a spoločnosť 
610 2 0 |a komunikácia 
610 2 0 |a národ 
100 1 |a Retová, Janette